000 00254nam a22000977a 4500
008 230403b |||||||| |||| 00| 0 eng d
020 _a9781846041242
100 _aFrankl E. Viktor
_97662
245 _aMan's Search for Meaning
260 _aLondon
_bRider
_c2008
999 _c12236
_d12236